<?xml version="1.0" encoding="UTF-8"?>
<record
    xmlns:xsi="http://www.w3.org/2001/XMLSchema-instance"
    xsi:schemaLocation="http://www.loc.gov/MARC21/slim http://www.loc.gov/standards/marcxml/schema/MARC21slim.xsd"
    xmlns="http://www.loc.gov/MARC21/slim">

  <leader>01284njm a22002897a 4500</leader>
  <controlfield tag="005">20240529150024.0</controlfield>
  <controlfield tag="008">230926b     mx |||||||| |||| 00| 0 spa d</controlfield>
  <datafield tag="050" ind1="0" ind2="4">
    <subfield code="a">M1506</subfield>
    <subfield code="b">D47 2021</subfield>
  </datafield>
  <datafield tag="245" ind1="1" ind2="0">
    <subfield code="a">Despertar al sue&#xF1;o </subfield>
    <subfield code="b"> : &#xF3;pera en un acto</subfield>
    <subfield code="c"> / Federico Ibarra ; libreto de David Olgu&#xED;n basado en la novela Dr&#xE1;cula de Bram Stoker </subfield>
    <subfield code="h">[grabaci&#xF3;n]</subfield>
  </datafield>
  <datafield tag="250" ind1=" " ind2=" ">
    <subfield code="a">1a ed.</subfield>
  </datafield>
  <datafield tag="260" ind1=" " ind2=" ">
    <subfield code="a">M&#xE9;xico :</subfield>
    <subfield code="b">Secretaria de Cultura ; Fondo Nacional para la Cultura y las Artes (FONCA). </subfield>
    <subfield code="c">2021</subfield>
  </datafield>
  <datafield tag="300" ind1=" " ind2=" ">
    <subfield code="a">1 disco son. :</subfield>
    <subfield code="b">digital, est&#xE9;reo ;</subfield>
    <subfield code="c">(4 3/4 plg.)</subfield>
  </datafield>
  <datafield tag="306" ind1=" " ind2=" ">
    <subfield code="a">000000 Tiempo de duraci&#xF3;n 60 : 13</subfield>
  </datafield>
  <datafield tag="505" ind1=" " ind2=" ">
    <subfield code="t">Escenas I y II (7:15) --</subfield>
    <subfield code="t">Escenas III (14:03) --</subfield>
    <subfield code="t">Escenas IV (5:18) --</subfield>
    <subfield code="t">Interludio (1:28) --</subfield>
    <subfield code="t">Escenas V (10:13) --</subfield>
    <subfield code="t">Escenas VI (3:07) --</subfield>
    <subfield code="t">Escenas VII (6:03) --</subfield>
    <subfield code="t">Escenas VIII (13:26)</subfield>
  </datafield>
  <datafield tag="511" ind1=" " ind2=" ">
    <subfield code="a">Rodrigo Mac&#xED;as, director musical </subfield>
  </datafield>
  <datafield tag="511" ind1=" " ind2=" ">
    <subfield code="a">David Olgu&#xED;n, libreto</subfield>
  </datafield>
  <datafield tag="650" ind1=" " ind2="7">
    <subfield code="a">Opera </subfield>
    <subfield code="2">lemb</subfield>
  </datafield>
  <datafield tag="700" ind1="1" ind2=" ">
    <subfield code="a">Stoker, Bram, </subfield>
    <subfield code="d">1847-1912</subfield>
  </datafield>
  <datafield tag="700" ind1="1" ind2=" ">
    <subfield code="a">Ibarra, Federico, </subfield>
    <subfield code="e">director </subfield>
  </datafield>
  <datafield tag="700" ind1="1" ind2=" ">
    <subfield code="a">Olgu&#xED;n, David,</subfield>
    <subfield code="e">libreto</subfield>
  </datafield>
  <datafield tag="700" ind1="1" ind2=" ">
    <subfield code="a">Cer&#xF3;n, Josu&#xE9;, </subfield>
    <subfield code="e">baritono </subfield>
  </datafield>
  <datafield tag="700" ind1="1" ind2=" ">
    <subfield code="a">Mart&#xED;n del Campo, Juan Carlos, </subfield>
    <subfield code="e">actor </subfield>
  </datafield>
  <datafield tag="700" ind1="1" ind2=" ">
    <subfield code="a">Mora, Anabel de la, </subfield>
    <subfield code="e">soprano</subfield>
  </datafield>
  <datafield tag="700" ind1="1" ind2=" ">
    <subfield code="a">Madrid, Carla,</subfield>
    <subfield code="e">soprano</subfield>
  </datafield>
  <datafield tag="700" ind1="1" ind2=" ">
    <subfield code="a">Ru&#xED;z, Zaira, </subfield>
    <subfield code="e">mezzo  </subfield>
  </datafield>
  <datafield tag="942" ind1=" " ind2=" ">
    <subfield code="2">lcc</subfield>
    <subfield code="c">AUD</subfield>
  </datafield>
  <datafield tag="999" ind1=" " ind2=" ">
    <subfield code="c">169129</subfield>
    <subfield code="d">169127</subfield>
  </datafield>
  <datafield tag="952" ind1=" " ind2=" ">
    <subfield code="0">0</subfield>
    <subfield code="1">0</subfield>
    <subfield code="2">lcc</subfield>
    <subfield code="4">0</subfield>
    <subfield code="7">0</subfield>
    <subfield code="a">LIC-037</subfield>
    <subfield code="b">LIC-037</subfield>
    <subfield code="c">GENERAL</subfield>
    <subfield code="d">2023-11-27</subfield>
    <subfield code="e">DON</subfield>
    <subfield code="l">0</subfield>
    <subfield code="o">ML1506 D47 2021</subfield>
    <subfield code="p">BBA000003682</subfield>
    <subfield code="r">2023-11-27 00:00:00</subfield>
    <subfield code="t">1</subfield>
    <subfield code="v">1.00</subfield>
    <subfield code="w">2023-11-27</subfield>
    <subfield code="y">AUD</subfield>
  </datafield>
  <datafield tag="952" ind1=" " ind2=" ">
    <subfield code="0">0</subfield>
    <subfield code="1">0</subfield>
    <subfield code="2">lcc</subfield>
    <subfield code="4">0</subfield>
    <subfield code="7">0</subfield>
    <subfield code="a">LIC-037</subfield>
    <subfield code="b">LIC-037</subfield>
    <subfield code="c">GENERAL</subfield>
    <subfield code="d">2023-11-27</subfield>
    <subfield code="e">DON</subfield>
    <subfield code="l">0</subfield>
    <subfield code="o">ML1506 D47 2021</subfield>
    <subfield code="p">BBA000003683</subfield>
    <subfield code="r">2023-11-27 00:00:00</subfield>
    <subfield code="t">2</subfield>
    <subfield code="v">1.00</subfield>
    <subfield code="w">2023-11-27</subfield>
    <subfield code="y">AUD</subfield>
  </datafield>
</record>
